| 000 | 00828nam a2200229Ii 4500 | ||
|---|---|---|---|
| 003 | JO-AjNU | ||
| 008 | 230605s9999||||xx |||||||||||||| ||und|| | ||
| 017 | _a3221/8/2012 | ||
| 020 | _a978-9957-92-004-3 | ||
| 040 |
_aJO-AjNU _bara _erda _cJO-AjNU |
||
| 041 | _aara | ||
| 050 | 1 | 4 | _aLG395 2013 |
| 100 | 3 |
_aالدويري،ميسون أحمد تأليف/القضاة،بسام محمد, _eauthor _943085 |
|
| 245 | 0 | 0 | _aدليل التربية العملية في الطفولة المبكرة |
| 250 | _aط1 | ||
| 264 | 3 | 1 | _aعمان:دار الفكر للنشر والتوزيع،2013 |
| 300 | _a367ص | ||
| 336 |
_atext _btxt _2rdacontent |
||
| 337 |
_aunmediated _bn _2rdamedia |
||
| 338 |
_avolume _bnc _2rdacarrier |
||
| 650 | 4 |
_aالتربية-التعليم قبل المدرسة-أساليب التدريس _943086 |
|
| 999 |
_aA18497 _c22065 _d22065 |
||